=LDR 00000nam 2200000 4500 =001 INLIS000000000003628 =005 20130612091930 =008 ***********************************Ind** =035 ##$$a0010-061300000003628 =041 ##$$a Ind =082 ##$$a 614.47 =090 ##$$a 614.47, Dic i =100 ##$$a Dick, George =245 ##$$a Imunisasi dalam praktek, George Dick; alih bahasa, Petrus Andrianto =260 ##$$a 1992 $b Jakarta =300 ##$$a vii, 237 hlm., ilus., 21 cm =650 ##$$a Imunisasi =650 ##$$a Kekebalan =700 ##$$a Andrianto, Petrus =850 ##$$a NBPNMAT =990 ##$$a 0001/BPAP-NTB/20142014